Vögel Schweiz #1 - Statistiken

Allgemein
  • Dieses Quiz wurde 16 mal gespielt
  • Das Durchschnittsergebnis liegt bei 11 aus 16
Antwortstatistiken
Bildquiz Antwort % Korrekt
Grünspecht
100%
Eichelhäher
92%
Graureiher
92%
Buchfink
85%
Kleiber
85%
Pirol
85%
Schwarzspecht
85%
Haubenmeise
77%
Gimpel
69%
Kernbeisser
54%
Kuckkuck
54%
Wasseramsel
54%
Fichtenkreuzschnabel
46%
Schwanzmeise
46%
Neuntöter
31%
Waldbaumläufer
23%
Keine übereinstimmenden Quizze gefunden
Verteilung der Resultate
Anzahl Personen mit jedem Resultat
Perzentil nach korrekt beantworteten Fragen
Ihre Resultats-Entwicklung
Sie haben dieses Quiz noch nicht gespielt